000 00977cam a2200265 a 4500
999 _c32869
_d32869
001 32869
003 Mx-PuUPA
005 20201001130609.0
008 140415s2012 mx r 000 0 spa d
020 _a9786071506344
040 _aMX-PuUPA
_bspa
_erda
_cMx-PuUPA
_dMx-PuUPA
041 0 _aspa
100 1 _aRomero López, Álvaro Javier,
_eautor
_95019
245 1 0 _aContabilidad intermedia :
_bNIF A-6, A-7, C-1, C-2, C-3, C-4, C-5, C-6, C-8, C-9, C-11, inventarios perpetuos y cuentas de orden /
_cÁlvaro Javier Romero López.
246 3 4 _aContabilidad intermedia :
_bNIF 2011
250 _aTercera edición
264 1 _aMéxico, D.F. :
_bMcGraw-Hill Interamericana Editores,
_c2012
300 _axviii, 544 páginas :
_btablas ;
_c27 cm.
336 _atexto
_2rdacontent
_btxt
337 _asin medio
_2rdamedia
_bn
338 _avolumen
_2rdacarrier
_bnc
650 4 _aContabilidad
942 _h657.044
_iR756
_cLI
_2ddc